<?xml version="1.0" encoding="UTF-8"?>
<marc:record xmlns:marc="http://www.loc.gov/MARC21/slim">
   <marc:leader>00000nam a2200000 a 4500</marc:leader>
   <marc:datafield ind1="1" ind2=" " tag="100">
      <marc:subfield code="a">Brooke-Hitching, Edward</marc:subfield>
      <marc:subfield code="4">aut</marc:subfield>
      <marc:subfield code="e">Verfasser/-in</marc:subfield>
   </marc:datafield>
   <marc:datafield ind1=" " ind2=" " tag="653">
      <marc:subfield code="a">Glauben</marc:subfield>
   </marc:datafield>
   <marc:datafield ind1=" " ind2=" " tag="653">
      <marc:subfield code="a">Hölle</marc:subfield>
   </marc:datafield>
   <marc:datafield ind1=" " ind2=" " tag="653">
      <marc:subfield code="a">Mythologie</marc:subfield>
   </marc:datafield>
   <marc:datafield ind1="0" ind2="0" tag="245">
      <marc:subfield code="a">Der Atlas des Teufels</marc:subfield>
   </marc:datafield>
   <marc:datafield ind1="0" ind2="0" tag="245">
      <marc:subfield code="b">eine Erkundung des Himmels, der Hölle und des Jenseits</marc:subfield>
   </marc:datafield>
   <marc:datafield ind1=" " ind2="1" tag="264">
      <marc:subfield code="b">Knesebeck</marc:subfield>
      <marc:subfield code="c">2022</marc:subfield>
   </marc:datafield>
   <marc:datafield ind1="1" ind2=" " tag="520">
      <marc:subfield code="a">Ein opulenter kultur- und religionsübergreifender Band über die Darstellungen von Himmeln, Höllen und Zwischenwelten. (KB) Als der Archivar und Kartenfreak Edward Brooke-Hitching vor einigen Jahren eine Karte von 1650 sah, die »den Weg in den Himmel wies«, begab er sich auf die Suche nach weiteren »Wegweisern« dieser Art - und wurde fündig. Das umfangreiche Material an Karten, Gemälden und Zeichnungen aus verschiedenen Kulturen, Religionen und Epochen liegt nun geordnet in diesem Buch vor und ist in drei Bereiche unterteilt: Unterwelt, Mittelwelt (Limbus, Fegefeuer) und Himmel, Paradiese und Utopien. Erstaunlich sind die Ähnlichkeiten und Grundkonstanten dieser metaphysischen »Orte« in allen Kulturen, die nur auf die konkreten Bilder und deren Ausgestaltung Einfluss nahmen. So finden sich z. B. Höllenstrafen sowohl in Dantes Inferno als auch im buddhistischen »Rad des Lebens«, und während sich die alten Ägypter den Himmel als binsenbewachsene Inseln vorstellten, erhoffen sich Muslime einen wasserreichen und sinnlich-erotischen Paradiesgarten. Der Autor kommentiert die zahlreichen »Wegweiser« mit großer Sachkenntnis und ordnet sie kulturhistorisch trefflich ein. Besonders erwähnenswert ist jedoch die Vielzahl der (auch doppelseitig) präsentierten Bilddarstellungen, welche den opulenten Band zu einer wahren Augenweide machen. Lesens- und sehenswert&amp;excl;</marc:subfield>
   </marc:datafield>
   <marc:datafield ind1=" " ind2=" " tag="020">
      <marc:subfield code="a">9783957286109</marc:subfield>
      <marc:subfield code="9">9783957286109</marc:subfield>
   </marc:datafield>
</marc:record>
